000
00299nam a2200133Ia 4500
100
_a
Dhamdhere/D.M
942
_c
BK
654
_a
System Software
245
_a
Introduction To System Software
260
_b
Tata McGraw Hill
_a
New Delhi
_c
1986
082
_a
1.6
300
_a
400
546
_a
ENGLISH
999
_c
28538
_d
28538